000 00555nam a2200181 4500
001 107888
003 ES-MaACL
007 t|
008 061121s1980 sp r ||||1| spa d
100 1 _aMontaner, Carlos Alberto.
_982370
245 1 0 _aDe la literatura considerada como una forma de urticaria /
_cCarlos Alberto Montaner.
260 _aMadrid :
_bPlayor,
_c1980.
300 _a170 p. ;
_c19 cm.
490 1 _aColección Nova scholar
830 0 _aColección Nova scholar
_9180873
852 _aES-MaACL
_jL-549
_bR.101363
999 _c107888
_d107888